000 00930nam a2200229Ii 4500
003 JO-AjNU
008 230605s9999||||xx |||||||||||||| ||und||
017 _a2018/6/2647
020 _a978-9923-97-220-5
040 _aJO-AjNU
_bara
_erda
_cJO-AjNU
041 _aara
050 1 4 _aHD30.28.N37 2021
100 3 _aناصر الدين، يعقوب عادل,
_eauthor
_963323
245 0 0 _aالإستراتيجية منهج الممارسات المتكاملة: التفكير الإستراتيجي، التخطيط الإستراتيجي، الإدارة الاستراتيجية
250 _aط2 مزيدة ومنقحة
264 3 1 _aعمان: جامعة الشرق الاوسط، 2021
300 _a541ص
336 _atext
_btxt
_2rdacontent
337 _aunmediated
_bn
_2rdamedia
338 _avolume
_bnc
_2rdacarrier
650 4 _aالادارة التنفيذية -التفكير -ادارة الاعمال
_963324
999 _aA28716
_c32284
_d32284